000 00658nam a2200181Ia 4500
008 090124s9999 xx 000 0 und d
082 _b35242
100 _aशाळिग्राम सुषमा
245 _a महाभारतातील मातृवंदना
250 _a1
260 _bजोषी दिनकर
_c2007
300 _a94
600 _aशाळिग्राम सुषमा
630 _a महाभारतातील मातृवंदना
700 _aशाळिग्राम सुषमा
730 _a महाभारतातील मातृवंदना
942 _cBOOK
999 _c200133
_d200133